Harry Potter - Häuser zuordnen (schwer) - Statistiken

Allgemein
  • Dieses Quiz wurde 278 mal gespielt
  • Das Durchschnittsergebnis liegt bei 13 aus 17
Antwortstatistiken
Name Haus % Korrekt
Zacharias Smith Hufflepuff
89%
Marcus Belby Ravenclaw
88%
Dennis Creevey Gryffindor
84%
Marietta Edgecombe Ravenclaw
81%
Adrian Pucey Slytherin
81%
Jack Sloper Gryffindor
79%
Terry Boot Ravenclaw
78%
Roger Davies Ravenclaw
76%
Terence Higgs Slytherin
76%
Lisa Turpin Ravenclaw
75%
Euan Abercrombie Gryffindor
73%
Demelza Robins Gryffindor
73%
Ritchie Coote Gryffindor
72%
Megan Jones Hufflepuff
72%
Miles Bletchley Slytherin
72%
Rose Zeller Hufflepuff
69%
Gabriel Truman Hufflepuff
68%
Keine übereinstimmenden Quizze gefunden
Verteilung der Resultate
Anzahl Personen mit jedem Resultat
Perzentil nach korrekt beantworteten Fragen
Ihre Resultats-Entwicklung
Sie haben dieses Quiz noch nicht gespielt